000 00323nam a22000977a 4500
100 _aनेमा,चन्‍द्रा
_981037
245 _aयथार्थ,नेमा
260 _aदिल्‍ली
_bविकास पब्लिशर्स
_c2018
650 _aकविताएं
_967940
942 _cHIN
999 _c64255
_d64255